[Event "Almansa op-A"]
[Site "Almansa"]
[Date "2022.08.14"]
[Round "8"]
[White "Buenafe Moya, Javier"]
[Black "Lara Granero, Bio"]
[Result "1-0"]
[WhiteElo "2165"]
[BlackElo "2079"]
[PlyCount "85"]
[EventDate "2022.08.10"]
[EventType "swiss"]
[EventRounds "8"]
[EventCountry "ESP"]
[SourceTitle "CBM 210 Extra"]
[Source "ChessBase"]
[SourceDate "2022.11.30"]
[SourceVersion "1"]
[SourceVersionDate "2022.11.30"]
[SourceQuality "1"]

1. Nf3 Nf6 2. g3 g6 3. Bg2 Bg7 4. 0-0 0-0 5. c4 c6 6. b3 d5 7. Bb2 dxc4 8. bxc4 Qa5 9. d3 Qh5 10. Nbd2 Bh3 11. Rb1 Bxg2 12. Kxg2 b6 13. a4 Nbd7 14. Qc2 e5 15. Bc3 Rfe8 16. h3 g5 17. e4 Qg6 18. Rh1 Nh5 19. Nf1 Nc5 20. Ne3 Rad8 21. Rbd1 f6 22. Nf5 Bf8 23. a5 Ng7 24. axb6 Nxf5 25. exf5 Qxf5 26. bxa7 Rxd3 27. Ne1 e4 28. Nxd3 Qf3+ 29. Kh2 exd3 30. Qd2 Re2 31. Qxe2 dxe2 32. Rdg1 Ne4 33. Bd4 Nxf2 34. a8Q Nxh1 35. Bc5 h5 36. Qxf8+ Kh7 37. Qe7+ Kg6 38. Qe3 Qf5 39. Rxh1 h4 40. gxh4 Qc2 41. Re1 Qxc4 42. Rxe2 Qxh4 43. Qe4+ 1-0

[Event "Almansa op-A"]
[Site "Almansa"]
[Date "2022.08.12"]
[Round "6"]
[White "Lara Granero, Bio"]
[Black "Sanchez Serrano, Emilio"]
[Result "1/2-1/2"]
[WhiteElo "2079"]
[BlackElo "2080"]
[PlyCount "40"]
[EventDate "2022.08.10"]
[EventType "swiss"]
[EventRounds "8"]
[EventCountry "ESP"]
[SourceTitle "CBM 210 Extra"]
[Source "ChessBase"]
[SourceDate "2022.11.30"]
[SourceVersion "1"]
[SourceVersionDate "2022.11.30"]
[SourceQuality "1"]

1. b3 e5 2. Bb2 Nc6 3. e3 Nf6 4. Nf3 e4 5. Nd4 Nxd4 6. Bxd4 d5 7. Be2 Bd6 8. Nc3 0-0 9. Nb5 c5 10. Bxf6 Qxf6 11. Nxd6 Qxd6 12. 0-0 Be6 13. d4 Rac8 14. Rc1 Rfd8 15. c3 f5 16. Qd2 cxd4 17. Qxd4 Qc5 18. Qe5 Qd6 19. Qd4 Qc5 20. Qe5 Qd6 1/2-1/2

[Event "Almansa op-A"]
[Site "Almansa"]
[Date "2022.08.11"]
[Round "4"]
[White "Lara Granero, Bio"]
[Black "Jarque Megias, Juan Jose"]
[Result "1-0"]
[WhiteElo "2079"]
[BlackElo "2014"]
[PlyCount "77"]
[EventDate "2022.08.10"]
[EventType "swiss"]
[EventRounds "8"]
[EventCountry "ESP"]
[SourceTitle "CBM 210 Extra"]
[Source "ChessBase"]
[SourceDate "2022.11.30"]
[SourceVersion "1"]
[SourceVersionDate "2022.11.30"]
[SourceQuality "1"]

1. b3 Nf6 2. Bb2 e6 3. Nf3 Be7 4. e3 d5 5. d3 0-0 6. Nbd2 b6 7. Rg1 c5 8. g4 Nc6 9. g5 Ne8 10. h4 f6 11. Bh3 e5 12. Bxc8 Rxc8 13. gxf6 Bxf6 14. Ng5 Bxg5 15. hxg5 Nc7 16. Qh5 g6 17. Qh2 Qe7 18. 0-0-0 a5 19. f4 exf4 20. exf4 Nd4 21. Rde1 Qf7 22. Rg4 Nce6 23. Rh1 Rc7 24. c3 Qf5 25. Rg3 Nc6 26. Rf3 b5 27. Rhf1 b4 28. c4 Ncd4 29. Re3 Nxf4 30. Bxd4 cxd4 31. Ref3 Nxd3+ 32. Rxd3 Rxc4+ 33. bxc4 Qxd3 34. Rxf8+ Kxf8 35. Qb8+ Kf7 36. Qc7+ Kf8 37. Qd8+ Kf7 38. Qxd5+ Kf8 39. Qf3+ 1-0

[Event "ESP-chT Rapid"]
[Site "Ciudad Real"]
[Date "2021.10.09"]
[Round "2.6"]
[White "Bernal Moro, Luis Javier"]
[Black "Lara Granero, Bio"]
[Result "1-0"]
[WhiteElo "2433"]
[BlackElo "2071"]
[PlyCount "103"]
[EventDate "2021.10.09"]
[EventType "team-swiss (rapid)"]
[EventRounds "9"]
[EventCountry "ESP"]
[SourceTitle "CBM 204 Extra"]
[Source "ChessBase"]
[SourceDate "2021.11.30"]
[SourceVersion "1"]
[SourceVersionDate "2021.11.30"]
[SourceQuality "1"]
[WhiteTeam "Solvay"]
[BlackTeam "Albacete Excalibur II"]
[WhiteTeamCountry "ESP"]
[BlackTeamCountry "ESP"]

1. Nf3 Nf6 2. c4 b6 3. g3 Bb7 4. Bg2 e6 5. 0-0 Be7 6. Nc3 0-0 7. Re1 d5 8. cxd5 exd5 9. d4 Re8 10. Bf4 c6 11. Rc1 Nbd7 12. Ne5 Nxe5 13. dxe5 Nh5 14. Be3 g6 15. f4 Ng7 16. Bf2 Ne6 17. Qc2 f5 18. exf6 Bxf6 19. Rcd1 Qc7 20. e4 d4 21. e5 Bxe5 22. Rxe5 dxc3 23. Rde1 Ng7 24. Qxc3 Rxe5 25. Rxe5 c5 26. Qb3+ Kh8 27. Bxb7 Qxb7 28. Bxc5 Qc6 29. Bd4 Qc1+ 30. Kg2 Qc6+ 31. Qd5 Qc2+ 32. Kh3 Rg8 33. Re7 Qc8+ 34. Qd7 Qf8 35. Rxg7 Rxg7 36. Bxg7+ Qxg7 37. Qxg7+ Kxg7 38. Kg4 Kf6 39. Kf3 h5 40. h3 Kf5 41. g4+ hxg4+ 42. hxg4+ Kf6 43. Ke4 Ke6 44. b4 a5 45. b5 a4 46. f5+ gxf5+ 47. gxf5+ Kf6 48. Kf4 a3 49. Ke4 Kf7 50. Kd5 Kf6 51. Kc6 Kxf5 52. Kxb6 1-0

[Event "Almansa op-A 12th"]
[Site "Almansa"]
[Date "2017.08.05"]
[Round "8"]
[White "Garcia Romero, Benjamin Abel"]
[Black "Lara Granero, Bio"]
[Result "1/2-1/2"]
[WhiteElo "2217"]
[BlackElo "2063"]
[PlyCount "119"]
[EventDate "2017.08.01"]
[EventType "swiss"]
[EventRounds "9"]
[EventCountry "ESP"]
[SourceTitle "CBM 179 Extra"]
[Source "ChessBase"]
[SourceDate "2017.08.23"]
[SourceVersion "1"]
[SourceVersionDate "2017.08.23"]
[SourceQuality "1"]

1. Nf3 g6 2. e4 Bg7 3. d4 d6 4. c4 Bg4 5. Be2 c5 6. d5 Bxf3 7. Bxf3 Nd7 8. 0-0 Ngf6 9. Nc3 0-0 10. Bf4 Ne5 11. Be2 a6 12. Qc2 Qa5 13. a3 Rfb8 14. Rab1 Qc7 15. h3 Nfd7 16. Be3 Nf8 17. Rfd1 h6 18. f4 Ned7 19. Kh1 Qa5 20. b4 Qc7 21. Rbc1 Rc8 22. Na4 cxb4 23. axb4 b5 24. Nb2 a5 25. Qd2 axb4 26. Qxb4 bxc4 27. Nxc4 Qb8 28. Qe1 Ra2 29. Bf3 Qb3 30. Na5 Rxa5 31. Rxc8 Ra2 32. Bf2 g5 33. Bg4 gxf4 34. Rb1 Qd3 35. Rd1 Qb3 36. Rb1 Qd3 37. Rd1 Qb3 38. Bd4 Bxd4 39. Rxd4 Qb2 40. Qg1 Ne5 41. Bd1 Ra1 42. Ra4 Rxa4 43. Bxa4 Qb4 44. Qd1 Qxe4 45. Bc2 Qe3 46. Rb8 Qg3 47. Be4 Kg7 48. Rb3 Qf2 49. Qa1 Nfd7 50. Rf3 Qh4 51. Rf1 Nf6 52. Bf3 Qg5 53. Qd4 Ng6 54. Rd1 Nh4 55. Qf2 Nf5 56. Qb2 Qg3 57. Rf1 Qg5 58. Re1 Qg3 59. Rf1 Qg5 60. Re1 1/2-1/2

[Event "Almansa op-A 12th"]
[Site "Almansa"]
[Date "2017.08.03"]
[Round "5"]
[White "Lara Granero, Bio"]
[Black "Nicolas Zapata, Javier"]
[Result "1-0"]
[WhiteElo "2063"]
[BlackElo "2138"]
[PlyCount "61"]
[EventDate "2017.08.01"]
[EventType "swiss"]
[EventRounds "9"]
[EventCountry "ESP"]
[SourceTitle "CBM 179 Extra"]
[Source "ChessBase"]
[SourceDate "2017.08.23"]
[SourceVersion "1"]
[SourceVersionDate "2017.08.23"]
[SourceQuality "1"]

1. b3 e5 2. Bb2 Nc6 3. e3 d6 4. Ne2 f5 5. d4 Nf6 6. dxe5 Nxe5 7. Nf4 Bd7 8. Nc3 g6 9. h4 Bg7 10. h5 Nfg4 11. Be2 g5 12. Bxg4 Nxg4 13. h6 Be5 14. Nh5 c6 15. Qd2 Qe7 16. 0-0-0 0-0-0 17. f4 Bxc3 18. Bxc3 Rhg8 19. Qxd6 Qxe3+ 20. Bd2 Qe2 21. Rde1 Qxg2 22. fxg5 Be8 23. Qe6+ Bd7 24. Qc4 Rge8 25. Ng7 Re4 26. Qf1 Rxe1+ 27. Qxe1 Qd5 28. Rf1 Nh2 29. Rf2 Nf3 30. Qe3 Ne5 31. Qxa7 1-0

[Event "Cullera op-B 29th"]
[Site "Cullera"]
[Date "2012.08.29"]
[Round "7"]
[White "Fernandez Seco, Julian"]
[Black "Lara Granero, Bio"]
[Result "1/2-1/2"]
[WhiteElo "2017"]
[BlackElo "2045"]
[PlyCount "43"]
[EventDate "2012.08.25"]
[EventType "swiss"]
[EventRounds "9"]
[EventCountry "ESP"]
[SourceTitle "CBM 150 Extra"]
[Source "ChessBase"]
[SourceDate "2012.10.19"]
[SourceVersion "1"]
[SourceVersionDate "2012.10.19"]
[SourceQuality "1"]

1. e4 c5 2. Nf3 Nc6 3. Nc3 d6 4. d4 cxd4 5. Nxd4 e5 6. Nb3 Nf6 7. Be2 h6 8. Be3 a6 9. f3 b5 10. a4 b4 11. Nd5 Nxd5 12. exd5 Na5 13. Nxa5 Qxa5 14. 0-0 Bb7 15. Bc4 Be7 16. Qd2 0-0 17. b3 f5 18. f4 e4 19. Qf2 Qd8 20. a5 Bf6 21. Ra4 Bc3 22. h3 1/2-1/2

[Event "Cullera op-B 29th"]
[Site "Cullera"]
[Date "2012.08.28"]
[Round "5"]
[White "Alcaraz Carcel, Antonio"]
[Black "Lara Granero, Bio"]
[Result "0-1"]
[WhiteElo "2041"]
[BlackElo "2045"]
[PlyCount "80"]
[EventDate "2012.08.25"]
[EventType "swiss"]
[EventRounds "9"]
[EventCountry "ESP"]
[SourceTitle "CBM 150 Extra"]
[Source "ChessBase"]
[SourceDate "2012.10.19"]
[SourceVersion "1"]
[SourceVersionDate "2012.10.19"]
[SourceQuality "1"]

1. d4 Nf6 2. Bf4 d6 3. e3 c5 4. c3 Nbd7 5. Nf3 a6 6. Be2 g6 7. h3 Bg7 8. 0-0 0-0 9. Nbd2 b6 10. Bh2 Bb7 11. a4 Rc8 12. Rc1 Rc7 13. Qb3 Qa8 14. Rfe1 Ne4 15. Bf1 h6 16. Nxe4 Bxe4 17. Nd2 Bc6 18. Nc4 Bd5 19. Qa3 Rfc8 20. b3 Kh7 21. Nd2 Nf6 22. c4 Bc6 23. d5 Be8 24. Qa2 b5 25. e4 bxa4 26. bxa4 Nd7 27. f4 Rb7 28. Rb1 Rcb8 29. e5 Rxb1 30. Nxb1 Rb4 31. Bd3 Qb8 32. Qe2 Rb2 33. Qe4 dxe5 34. fxe5 e6 35. Nc3 Qb4 36. Nd1 Rd2 37. dxe6 Rxd3 38. exd7 Bxd7 39. Nb2 Rd4 40. Qe2 Rd2 0-1

[Event "Cullera op-B 29th"]
[Site "Cullera"]
[Date "2012.08.26"]
[Round "2"]
[White "Lara Granero, Bio"]
[Black "Albert Garrote, Amadeo"]
[Result "1-0"]
[WhiteElo "2045"]
[BlackElo "1906"]
[PlyCount "95"]
[EventDate "2012.08.25"]
[EventType "swiss"]
[EventRounds "9"]
[EventCountry "ESP"]
[SourceTitle "CBM 150 Extra"]
[Source "ChessBase"]
[SourceDate "2012.10.19"]
[SourceVersion "1"]
[SourceVersionDate "2012.10.19"]
[SourceQuality "1"]

1. Nf3 d5 2. g3 Nf6 3. Bg2 Bf5 4. d3 e6 5. 0-0 Be7 6. Nbd2 h6 7. c3 c6 8. Re1 0-0 9. Qc2 Nbd7 10. a4 Rb8 11. a5 c5 12. Nh4 Bh7 13. e4 dxe4 14. dxe4 Qc7 15. Bf1 Rfd8 16. f3 b5 17. c4 b4 18. Nb3 a6 19. Ng2 Ne5 20. Be2 Rd7 21. Be3 Rbd8 22. Rad1 g5 23. g4 Qc6 24. Rxd7 Rxd7 25. Nd2 Qc7 26. Ra1 Nc6 27. Nb3 Ne5 28. Ne1 Rd8 29. Bf2 Nfd7 30. Bg3 Qb7 31. Rd1 Nc6 32. Bf2 e5 33. Ng2 Nd4 34. Nxd4 cxd4 35. Ne1 b3 36. Qc1 Bb4 37. Qa1 Nc5 38. Nd3 Nxd3 39. Rxd3 Bc5 40. Qa4 Rb8 41. Be1 f6 42. Bd1 Bxe4 43. Rxb3 d3+ 44. Kf1 Qc8 45. fxe4 Ra8 46. Rxd3 Bd4 47. Qc2 Rb8 48. b4 1-0

[Event "Cullera op-B 29th"]
[Site "Cullera"]
[Date "2012.08.25"]
[Round "1"]
[White "Marco Catala, Juan Bautista"]
[Black "Lara Granero, Bio"]
[Result "0-1"]
[WhiteElo "1770"]
[BlackElo "2045"]
[PlyCount "97"]
[EventDate "2012.08.25"]
[EventType "swiss"]
[EventRounds "9"]
[EventCountry "ESP"]
[SourceTitle "CBM 150 Extra"]
[Source "ChessBase"]
[SourceDate "2012.10.19"]
[SourceVersion "1"]
[SourceVersionDate "2012.10.19"]
[SourceQuality "1"]

1. c4 e5 2. Nc3 Nf6 3. Nf3 d6 4. d4 exd4 5. Nxd4 Be7 6. e4 0-0 7. Be2 Re8 8. 0-0 Nbd7 9. Be3 a6 10. Qc2 Ne5 11. Rad1 Nfg4 12. Bf4 Ng6 13. Bg3 Bh4 14. Qd3 Bxg3 15. Qxg3 h5 16. f4 h4 17. Qd3 Nf6 18. f5 Ne5 19. Qh3 Nh7 20. Nf3 Nxf3+ 21. Qxf3 c6 22. Qf4 Qb6+ 23. Kh1 Qxb2 24. Rd3 Qb4 25. Qxh4 Nf6 26. Rh3 Kf8 27. Qh8+ Ke7 28. Qxg7 Rg8 29. Qh6 Bd7 30. Qe3 Qa5 31. Rb1 Rab8 32. Qd4 c5 33. Qe3 Bc6 34. Nd5+ Bxd5 35. exd5+ Kd7 36. Rh4 Qxa2 37. Qd3 Rge8 38. Bf3 Qf2 39. g3 Re3 40. Rf1 Qxh2+ 41. Kxh2 Rxd3 42. Kg2 Rd2+ 43. Kh3 Re8 44. Rh6 Ne4 45. f6 Nf2+ 46. Kh4 Nd3 47. Bg4+ Kc7 48. Bh5 Rh2+ 49. Kg4 0-1

[Event "Almansa op 7th"]
[Site "Almansa"]
[Date "2012.08.11"]
[Round "8"]
[White "Lara Granero, Bio"]
[Black "Sos Andreu, Eric"]
[Result "0-1"]
[WhiteElo "2045"]
[BlackElo "2165"]
[PlyCount "76"]
[EventDate "2012.08.07"]
[EventType "swiss"]
[EventRounds "9"]
[EventCountry "ESP"]
[SourceTitle "CBM 149 Extra"]
[Source "ChessBase"]
[SourceDate "2012.08.24"]
[SourceVersion "1"]
[SourceVersionDate "2012.08.24"]
[SourceQuality "1"]

1. Nf3 Nf6 2. g3 g6 3. Bg2 Bg7 4. 0-0 0-0 5. d3 c5 6. Nbd2 Nc6 7. Re1 d6 8. a4 a6 9. Nc4 Rb8 10. c3 b5 11. axb5 axb5 12. Na3 b4 13. Nc2 bxc3 14. bxc3 Nd5 15. d4 Nxc3 16. Qd3 Nd5 17. Bd2 Ndb4 18. Nxb4 Nxb4 19. Bxb4 Rxb4 20. Rab1 Rxb1 21. Rxb1 Bf5 22. e4 Bg4 23. dxc5 dxc5 24. Qc2 Qd6 25. h3 Be6 26. Ng5 Bc8 27. f4 Bd4+ 28. Kh2 e5 29. f5 Qf6 30. Nf3 Rd8 31. g4 gxf5 32. exf5 Ba6 33. g5 Qe7 34. Rb6 Bd3 35. Qa2 e4 36. g6 exf3 37. Bxf3 Qe5+ 38. Kh1 Qe1+ 0-1

[Event "Madrid Oliver Gonzalez Memorial 1st"]
[Site "Madrid"]
[Date "2010.10.13"]
[Round "5"]
[White "Serrano Salvador, Eduardo"]
[Black "Lara Granero, Bio"]
[Result "1-0"]
[WhiteElo "2352"]
[BlackElo "2036"]
[PlyCount "153"]
[EventDate "2010.10.09"]
[EventType "swiss"]
[EventRounds "9"]
[EventCountry "ESP"]
[SourceTitle "CBM 138 Extra"]
[Source "ChessBase"]
[SourceDate "2010.10.29"]
[SourceVersion "1"]
[SourceVersionDate "2010.10.29"]
[SourceQuality "1"]

1. d4 f5 2. Bg5 g6 3. Nc3 Bg7 4. e4 d6 5. Nf3 c6 6. Bd3 Qb6 7. Rb1 Bxd4 8. 0-0 Bf6 9. exf5 gxf5 10. Re1 Na6 11. Bxa6 bxa6 12. Qxd6 c5 13. Qxb6 axb6 14. Nd5 Kf7 15. Nxb6 Rb8 16. Nxc8 Rxc8 17. Rbd1 Bxb2 18. Rd7 Bf6 19. Ra7 Rc6 20. Bxf6 Kxf6 21. Ne5 Rd6 22. Nd7+ Kg6 23. Nxc5 Nf6 24. Nd3 Rc8 25. Ne5+ Kh5 26. c4 Re6 27. Nd3 Rxe1+ 28. Nxe1 Rxc4 29. Rxa6 Rc1 30. Kf1 Ra1 31. Ra5 Kg6 32. f3 e5 33. Rxe5 Rxa2 34. Nd3 Nh5 35. Re6+ Kf7 36. Rb6 Ra1+ 37. Kf2 Ra2+ 38. Rb2 Rxb2+ 39. Nxb2 Nf4 40. g3 Ne6 41. Ke3 Kf6 42. Nd3 Nc7 43. Kd4 Ne6+ 44. Kd5 Nc7+ 45. Kd6 Nb5+ 46. Kc5 Nc3 47. Kc4 Na4 48. Kd4 Nb6 49. Nf4 Nd7 50. Kd5 Nb6+ 51. Kc5 Nc8 52. Nd5+ Ke6 53. Nf4+ Kf6 54. Kc6 Na7+ 55. Kb6 Nc8+ 56. Kc7 Ne7 57. Kd7 Kf7 58. Kd6 Ng8 59. Ke5 Nh6 60. h4 Ke7 61. Nd5+ Kf7 62. h5 Kg7 63. Ke6 Nf7 64. Kxf5 Kh6 65. g4 Nd6+ 66. Ke6 Nb5 67. Kf6 Nd6 68. Ne7 Ne4+ 69. Kf5 Ng3+ 70. Kf4 Ne2+ 71. Ke3 Ng3 72. Nf5+ Nxf5+ 73. gxf5 Kxh5 74. Kf4 Kh6 75. Ke5 Kg7 76. Ke6 h5 77. Ke7 1-0

[Event "Madrid Oliver Gonzalez Memorial 1st"]
[Site "Madrid"]
[Date "2010.10.12"]
[Round "4"]
[White "Lara Granero, Bio"]
[Black "Cueto Chajtur, Johny"]
[Result "1-0"]
[WhiteElo "2036"]
[BlackElo "2301"]
[PlyCount "95"]
[EventDate "2010.10.09"]
[EventType "swiss"]
[EventRounds "9"]
[EventCountry "ESP"]
[SourceTitle "CBM 138 Extra"]
[Source "ChessBase"]
[SourceDate "2010.10.29"]
[SourceVersion "1"]
[SourceVersionDate "2010.10.29"]
[SourceQuality "1"]

1. e4 c5 2. f4 d5 3. Nc3 d4 4. Nce2 Nc6 5. Ng3 g6 6. Nf3 Bg4 7. h3 Bxf3 8. Qxf3 e5 9. Bc4 exf4 10. Qxf4 Qf6 11. Qxf6 Nxf6 12. 0-0 Bg7 13. d3 0-0 14. Bf4 Ne8 15. Rae1 Be5 16. Ne2 Kg7 17. Rf2 Nd6 18. Bd5 Rae8 19. a3 f5 20. Ref1 Bxf4 21. Nxf4 Nd8 22. g4 fxe4 23. dxe4 b6 24. e5 N6f7 25. e6 Ng5 26. Kg2 Rxf4 27. Rxf4 Ngxe6 28. Bxe6 Rxe6 29. g5 Re7 30. h4 Nf7 31. c3 d3 32. Rd1 Rd7 33. c4 h6 34. gxh6+ Nxh6 35. Rf3 d2 36. Rf2 Rd4 37. Rdxd2 Rxc4 38. Rd7+ Kg8 39. Rxa7 Nf5 40. Re2 Kf8 41. h5 Rg4+ 42. Kf2 gxh5 43. Re6 Ng7 44. Rf6+ Kg8 45. Rxb6 Kh7 46. a4 h4 47. Rbb7 Kh6 48. Rxg7 1-0

[Event "Almansa op 5th"]
[Site "Almansa"]
[Date "2010.08.09"]
[Round "1"]
[White "Lara Granero, Bio"]
[Black "Ayza Leon, David"]
[Result "1/2-1/2"]
[WhiteElo "2036"]
[BlackElo "2249"]
[PlyCount "83"]
[EventDate "2010.08.09"]
[EventType "swiss"]
[EventRounds "9"]
[EventCountry "ESP"]
[SourceTitle "EXT 2011"]
[Source "ChessBase"]
[SourceDate "2010.11.26"]
[SourceVersion "1"]
[SourceVersionDate "2010.11.26"]
[SourceQuality "1"]

1. e4 d6 2. f4 Nf6 3. Nc3 c6 4. d4 g6 5. Nf3 Bg7 6. Be2 0-0 7. 0-0 b5 8. e5 dxe5 9. fxe5 Nd5 10. Ne4 f6 11. c4 bxc4 12. Bxc4 Nd7 13. exf6 exf6 14. Qa4 Bb7 15. Bd2 N7b6 16. Qc2 Nxc4 17. Qxc4 Kh8 18. Nc5 Bc8 19. Rae1 Rb8 20. b4 Re8 21. a3 Bg4 22. Rxe8+ Qxe8 23. Re1 Qc8 24. Qd3 Bf8 25. h3 Bf5 26. Qe2 Kg7 27. g4 Bd7 28. Qh2 Ra8 29. Qg3 h6 30. Nh4 g5 31. Ng2 Bxc5 32. dxc5 Qf8 33. Ne3 Nxe3 34. Rxe3 Re8 35. Bc3 Rxe3 36. Qxe3 Qf7 37. Qd4 Qe6 38. Kf2 Kf7 39. Qd3 f5 40. gxf5 Qxf5+ 41. Qxf5+ Bxf5 42. Kg3 1/2-1/2

[Event "Albacete op 16th"]
[Site "Albacete"]
[Date "2008.09.03"]
[Round "4"]
[White "Lara Granero, Bio"]
[Black "Perez Garcia, Roberto"]
[Result "1-0"]
[WhiteElo "2034"]
[BlackElo "2154"]
[PlyCount "69"]
[EventDate "2008.09.01"]
[EventType "swiss"]
[EventRounds "9"]
[EventCountry "ESP"]
[SourceTitle "CBM 126 Extra"]
[Source "ChessBase"]
[SourceDate "2008.11.05"]
[SourceVersion "1"]
[SourceVersionDate "2008.11.05"]
[SourceQuality "1"]

1. e4 c5 2. Nc3 Nc6 3. f4 e6 4. Nf3 Nge7 5. d4 cxd4 6. Nxd4 Nxd4 7. Qxd4 Nc6 8. Qf2 d5 9. e5 Bb4 10. Bd2 0-0 11. Bd3 Qe7 12. g4 Bc5 13. Qg3 Nb4 14. 0-0-0 Bd4 15. Nb5 Nxd3+ 16. Qxd3 Bc5 17. h4 Bd7 18. Nc3 Rfc8 19. f5 d4 20. f6 Qe8 21. Ne4 Bb5 22. Qf3 Bc6 23. fxg7 Bxe4 24. Qxe4 Qa4 25. Kb1 Rc6 26. b3 Qb5 27. h5 a5 28. a4 Qb6 29. g5 Rd8 30. Bc1 Qb4 31. g6 d3 32. gxh7+ Kxg7 33. h6+ Kh8 34. Qg2 dxc2+ 35. Ka2 1-0

[Event "ESP-ch Universities"]
[Site "Madrid"]
[Date "2008.05.11"]
[Round "9"]
[White "Hajmohamad, Ali Ehsan"]
[Black "Lara Granero, Bio"]
[Result "0-1"]
[WhiteElo "2227"]
[BlackElo "2033"]
[PlyCount "104"]
[EventDate "2008.05.08"]
[EventType "swiss"]
[EventRounds "9"]
[EventCountry "ESP"]
[SourceTitle "CBM 124 Extra"]
[Source "ChessBase"]
[SourceDate "2008.07.03"]
[SourceVersion "1"]
[SourceVersionDate "2008.07.03"]
[SourceQuality "1"]

1. e4 c5 2. Nf3 Nc6 3. d4 cxd4 4. Nxd4 e5 5. Nb5 h6 6. Nd6+ Bxd6 7. Qxd6 Qe7 8. Qd1 Nf6 9. Nc3 a6 10. Bc4 d6 11. 0-0 Be6 12. Nd5 Bxd5 13. Bxd5 Rc8 14. c3 0-0 15. Qd3 Qc7 16. Bb3 Rfd8 17. Qf3 Qe7 18. Be3 b5 19. h3 Rd7 20. a4 b4 21. a5 bxc3 22. bxc3 Nd8 23. Bb6 Ne6 24. Ba4 Rb7 25. Rfd1 Ng5 26. Qd3 Ngxe4 27. Qxa6 Nxc3 28. Bb3 Nxd1 29. Rxd1 Rbb8 30. Qb5 Ne4 31. Qd3 Nc5 32. Qd5 Nxb3 33. Qxb3 Rc6 34. Qb5 Qb7 35. Rb1 Rc5 36. Qa4 Qa6 37. Rd1 Qc4 38. Qd7 Rd5 39. Rf1 Qc8 40. Qa4 Qa6 41. Ra1 Rb5 42. Qd1 d5 43. Qf1 Ra8 44. Rd1 Rxa5 45. Bxa5 Qxf1+ 46. Kxf1 Rxa5 47. Rb1 f6 48. h4 h5 49. g3 Kf7 50. Rb7+ Kg6 51. Rc7 Ra2 52. Re7 d4 0-1

[Event "ESP-ch Universities"]
[Site "Madrid"]
[Date "2008.05.10"]
[Round "8"]
[White "Lara Granero, Bio"]
[Black "Gil Rodriguez, Isabel Maria"]
[Result "1-0"]
[WhiteElo "2033"]
[BlackElo "1916"]
[PlyCount "75"]
[EventDate "2008.05.08"]
[EventType "swiss"]
[EventRounds "9"]
[EventCountry "ESP"]
[SourceTitle "CBM 124 Extra"]
[Source "ChessBase"]
[SourceDate "2008.07.03"]
[SourceVersion "1"]
[SourceVersionDate "2008.07.03"]
[SourceQuality "1"]

1. e4 c5 2. f4 Nc6 3. Nf3 g6 4. Bc4 Bg7 5. c3 d6 6. 0-0 e6 7. d3 Nge7 8. f5 gxf5 9. Ng5 d5 10. Qh5 Ng6 11. exf5 exf5 12. Bb3 h6 13. Nh3 Be6 14. Re1 Qd6 15. Na3 a6 16. Bd2 0-0-0 17. g3 c4 18. Bc2 Nce5 19. d4 Nd3 20. Bxd3 cxd3 21. Nf4 Bd7 22. Nxd3 b6 23. Nc2 Rde8 24. Ne3 f4 25. Nf5 Bxf5 26. Qxf5+ Qd7 27. Qxd7+ Kxd7 28. Bxf4 Nxf4 29. Nxf4 Kd6 30. Nh5 Rxe1+ 31. Rxe1 Rg8 32. Rf1 Ke6 33. Re1+ Kd6 34. Kg2 Bh8 35. Kf3 Rg5 36. Nf4 Bf6 37. Re8 h5 38. Rb8 1-0

[Event "ESP-ch Universities"]
[Site "Madrid"]
[Date "2008.05.09"]
[Round "4"]
[White "Alcazar Jimenez, Jesus Alberto"]
[Black "Lara Granero, Bio"]
[Result "1/2-1/2"]
[WhiteElo "2247"]
[BlackElo "2033"]
[PlyCount "60"]
[EventDate "2008.05.08"]
[EventType "swiss"]
[EventRounds "9"]
[EventCountry "ESP"]
[SourceTitle "CBM 124 Extra"]
[Source "ChessBase"]
[SourceDate "2008.07.03"]
[SourceVersion "1"]
[SourceVersionDate "2008.07.03"]
[SourceQuality "1"]

1. e4 c5 2. Nf3 Nc6 3. Bb5 g6 4. Bxc6 dxc6 5. d3 Bg7 6. Nc3 Nf6 7. h3 0-0 8. Be3 Qa5 9. Qd2 Rd8 10. Bh6 c4 11. Bxg7 Kxg7 12. d4 b5 13. e5 Nd5 14. 0-0 b4 15. Ne4 c3 16. bxc3 bxc3 17. Qg5 Bf5 18. Rfe1 h6 19. Qg3 Rab8 20. Nc5 Bxc2 21. Rac1 Bf5 22. e6 f6 23. Nh4 Kh7 24. Nxf5 gxf5 25. Qd3 Rg8 26. Qxf5+ Kh8 27. Nd7 Rbd8 28. Qh5 Kh7 29. Qf5+ Kh8 30. Qh5 Kh7 1/2-1/2

[Event "Malaga op 11th"]
[Site "Malaga"]
[Date "2008.02.23"]
[Round "1"]
[White "Lara Granero, Bio"]
[Black "Carlsson, Pontus"]
[Result "0-1"]
[WhiteElo "2015"]
[BlackElo "2501"]
[PlyCount "124"]
[EventDate "2008.02.23"]
[EventType "swiss"]
[EventRounds "9"]
[EventCountry "ESP"]
[SourceTitle "CBM 123 Extra"]
[Source "ChessBase"]
[SourceDate "2008.05.06"]
[SourceVersion "1"]
[SourceVersionDate "2008.05.06"]
[SourceQuality "1"]

1. e4 e6 2. d4 d5 3. exd5 exd5 4. Bd3 Nc6 5. c3 Bd6 6. Nf3 Bg4 7. 0-0 Nge7 8. Bg5 Qd7 9. Re1 f6 10. Bh4 0-0-0 11. Nbd2 h5 12. Qc2 Bf4 13. Bg3 Bxd2 14. Nxd2 h4 15. Bf4 g5 16. Be3 Bf5 17. Re2 Bxd3 18. Qxd3 Qf5 19. Qxf5+ Nxf5 20. g4 hxg3 21. fxg3 Rde8 22. Rae1 Kd7 23. Bf2 Rxe2 24. Rxe2 Nd8 25. Be1 Nd6 26. g4 Ne6 27. Bg3 b6 28. Rf2 Rh6 29. Kf1 c5 30. Nb3 Ne4 31. Rf5 c4 32. Rxd5+ Ke7 33. Na5 bxa5 34. Rxa5 Nf4 35. Rxa7+ Ke6 36. Ra6+ Kf7 37. a4 Nxg3+ 38. hxg3 Rh1+ 39. Kf2 Nd3+ 40. Kf3 Nxb2 41. Ke4 Rc1 42. Kf5 Rf1+ 43. Ke4 Nd1 44. d5 Nxc3+ 45. Kd4 Ne2+ 46. Kxc4 Rc1+ 47. Kd3 Nxg3 48. Ra7+ Kg6 49. Rd7 Ra1 50. Ra7 Rd1+ 51. Kc4 f5 52. Ra6+ Kf7 53. Ra7+ Kf6 54. Ra6+ Ke5 55. gxf5 Nxf5 56. Re6+ Kf4 57. Kc5 g4 58. a5 g3 59. Re2 Kf3 60. Rc2 Ne3 61. Ra2 Rxd5+ 62. Kb6 Nc4+ 0-1